La cocina y otros espacios domésticos: Manual práctico
Đã lưu trong:
| Tác giả chính: | |
|---|---|
| Định dạng: | Sách |
| Ngôn ngữ: | Tiếng Tây Ban Nha |
| Được phát hành: |
Barcelona
Gustavo Gili
2008
|
| Những chủ đề: | |
| Các nhãn: |
Thêm thẻ
Không có thẻ, Là người đầu tiên thẻ bản ghi này!
|
MARC
| LEADER | 00000nam a2200000 a 4500 | ||
|---|---|---|---|
| 001 | UCH4500 | ||
| 003 | CL-VaPUC | ||
| 008 | 090820e20080000SP |||||||||||||||||spa|d | ||
| 020 | |a 9788425222207 | ||
| 082 | 0 | 4 | |a 747.797 |b DEU |2 21 |
| 100 | 0 | |a Deulonder, Lluïsa F |e author |9 540026 | |
| 245 | 1 | 3 | |a La cocina y otros espacios domésticos: Manual práctico |
| 300 | |a 165 p | ||
| 942 | |c BK | ||
| 945 | |d 20090820 00:00:00 |a dcastane | ||
| 260 | |a Barcelona |b Gustavo Gili |c 2008 | ||
| 650 | 0 | |a Cocina |9 328037 | |
| 650 | 0 | |a Arquitectura moderna |9 265021 | |
| 650 | 0 | |a Diseño arquitectónico |9 265271 | |
| 650 | 0 | |a Arquitectura y ornamentos |9 540027 | |
| 650 | 7 | |a ESPACIO FUNCIONAL |2 CL-VaPUC |9 540028 | |
| 650 | 7 | |a ESPACIOS COTIDIANOS |2 CL-VaPUC |9 540029 | |
| 650 | 0 | |a Diseño industrial |9 262726 | |
| 583 | |a last modification |c 20110906 11:34:59 |k Rodrigo Vera | ||
| 999 | |c 335791 |d 335789 | ||
| 952 | |0 0 |1 0 |4 0 |6 747_797000000000000_DEU_2008 |7 0 |8 A |9 426513 |a BIBARQ |b BIBARQ |d 2019-11-22 |i 4588878 |l 1 |o 747.797 DEU 2008 |p 4588878 |r 2025-01-20 |s 2023-05-12 |w 2019-11-22 |y BK |k ARQ | ||